| 000 | 00839na a2200265 4500 | ||
|---|---|---|---|
| 001 | 18215 | ||
| 003 | MIRAKIL | ||
| 005 | 20181213155030.0 | ||
| 008 | 161115b tu 000 0 | ||
| 040 |
_aMilas _btur _cTR-AnCHP |
||
| 041 | _atur | ||
| 082 |
_a342 _bT96 2008 |
||
| 090 | _a342 T96 2008 | ||
| 111 |
_aTürkiye Anayasasını Arıyor _c[Ankara] _d2008 |
||
| 245 |
_aTürkiye anayasasını arıyor _cyayına hazırlayanlar Erdoğan Koç, Murtaza Hasanoğlu, Nuh Vural |
||
| 260 |
_aAnkara _bKamu Araştırmaları Vakfı _c2008 |
||
| 300 |
_a118 s. _bfotg. _c24 sm. |
||
| 490 |
_aSempozyumlar Dizisi _v1 |
||
| 500 | _aYapıt adı başında: Sivil anayasa sempozyumu | ||
| 650 |
_aAnayasalar _yToplantılar _zTürkiye |
||
| 700 | _aVural, Nuh | ||
| 700 | _aHasanoğlu, Murtaza | ||
| 700 | _aKoç, Erdoğan | ||
| 942 |
_2ddc _cBKS |
||
| 999 |
_c5189 _d5189 |
||